| 000 | 00390nam a2200145Ia 4500 | ||
|---|---|---|---|
| 008 | 130318s9999 xx 000 0 und d | ||
| 020 | _a70473692 | ||
| 082 | _a005.8 ERB/I | ||
| 100 | _aErbschloe, Michael | ||
| 245 | _aInformation warfare: how to survive cyber ttacks | ||
| 260 |
_bTata McGraw Hill _aNew Delhi _c2001 |
||
| 300 | _a315 | ||
| 650 | _aDATA SECURITY | ||
| 650 | _aNETWORK SECURITY | ||
| 999 |
_c930 _d930 |
||